[Event "AUTO-INT-3880"]
[Site "http://www.queenalice.com/game.php?id=1846030"]
[Date "2024.10.23"]
[Round "2"]
[White "SamuraiJOM"]
[Black "fbenevides2019"]
[Result "1-0"]
[WhiteElo "1667"]
[BlackElo "1785"]

1. e4 d5 2. f3 dxe4 3. fxe4 e5 4. Nf3 Bd6 5. Nc3 a6 6. d3 h6 7. Be2 Nf6 8. Be3
O-O 9. h3 Nc6 10. a3 b5 11. Qd2 Kh7 12. O-O-O Ne7 13. d4 exd4 14. Bxd4 Neg8 15.
e5 Bxe5 16. Nxe5 Qe7 17. Nc6 Qe6 18. Nb4 Ne7 19. Rde1 Qd7 20. Bf3 Rd8 21. Bxa8
Qxd4 22. Qxd4 Rxd4 23. Rxe7 c5 24. Nd3 c4 25. Ne5 Be6 26. Ne2 Rd8 27. Ra7 Bd5
28. Bxd5 Rxd5 29. Nxf7 Rd7 30. Rxd7 Nxd7 31. Rf1 Nf6 32. Nd4 Kg6 33. Ne5+ Kh7
34. g4 Nd5 35. h4 Kg8 36. h5 Kh7 37. Ng6 Ne3 38. Rg1 Nd5 39. Ne6 Nf6 40. Nc7
Nxg4 41. Rxg4 Kg8 42. Nxa6 Kf7 43. Rf4+ Ke6 44. Re4+ Kf5 45. Re7 Kg5 46. Ne5
Kxh5 47. Rxg7 Kh4 48. Nc7 h5 49. Nxb5 1-0

[Event "AUTO-INT-3880"]
[Site "http://www.queenalice.com/game.php?id=1846031"]
[Date "2024.10.23"]
[Round "2"]
[White "fbenevides2019"]
[Black "SamuraiJOM"]
[Result "1-0"]
[WhiteElo "1781"]
[BlackElo "1711"]

1. d4 d5 2. Nc3 Nf6 3. h3 Nc6 4. Nf3 e6 5. a3 Be7 6. e3 O-O 7. Bb5 a6 8. Bxc6
bxc6 9. Ne5 Bb7 10. Nf3 c5 11. dxc5 Bxc5 12. b4 Be7 13. O-O c6 14. Re1 a5 15. b5
cxb5 16. Nxb5 h6 17. a4 Bb4 18. Nd2 Qd7 19. Ba3 Bxa3 20. Rxa3 Bc6 21. Nc3 Qd6
22. Ndb1 Kh8 23. Ne2 Ne4 24. Ra1 e5 25. Nec3 Nxc3 26. Nxc3 d4 27. exd4 exd4 28.
Ne4 Qb4 29. Qd2 Bxa4 30. Qxb4 Bxc2 31. Rxa5 d3 32. Rxa8 Rxa8 33. Nd2 Ra4 34.
Qf8+ Kh7 35. Qxf7 Ra6 36. Qf5+ Kg8 37. Re8# 1-0

[Event "AUTO-INT-3880"]
[Site "http://www.queenalice.com/game.php?id=1846032"]
[Date "2024.10.23"]
[Round "2"]
[White "SamuraiJOM"]
[Black "Numberzero"]
[Result "1-0"]
[WhiteElo "1688"]
[BlackElo "1443"]

1. e4 e5 2. Nf3 Nc6 3. Bc4 Be7 4. c3 Nf6 5. d4 exd4 6. cxd4 Nxe4 7. O-O d5 8.
Bb3 Bg4 9. h3 Bxf3 10. Qxf3 Bf6 11. Qf5 Ne7 12. Qg4 Qd7 13. Qxd7+ Kxd7 14. Ba4+
c6 15. Be3 Nf5 16. Nd2 Nxd2 17. Bxd2 Bxd4 18. Kh2 Nd6 19. Bc3 Bxc3 20. bxc3 Rhe8
21. Bc2 Re2 22. Bxh7 Rh8 23. Bd3 Re7 24. a4 Rhe8 25. a5 Ne4 26. Bxe4 Rxe4 27. g4
Rc4 28. Ra3 Re2 29. Kg3 Rc2 30. f3 R2xc3 31. Rxc3 Rxc3 32. h4 Rc5 33. Ra1 b6 34.
axb6 axb6 35. Ra7+ Ke6 36. Kf4 1-0

[Event "AUTO-INT-3880"]
[Site "http://www.queenalice.com/game.php?id=1846033"]
[Date "2024.10.23"]
[Round "2"]
[White "Numberzero"]
[Black "SamuraiJOM"]
[Result "0-1"]
[WhiteElo "1437"]
[BlackElo "1694"]

1. e4 e5 2. Nf3 Nc6 3. d4 d6 4. dxe5 dxe5 5. Qxd8+ Nxd8 6. Nxe5 Bd6 7. Nc4 Be6
8. Nxd6+ cxd6 9. Be2 Nf6 10. Nc3 O-O 11. Bg5 h6 12. Bxf6 gxf6 13. O-O-O Nc6 14.
Rxd6 Rad8 15. Rhd1 a6 16. Rxd8 Nxd8 17. a3 Nc6 18. Rd6 Rd8 19. Rxd8+ Nxd8 20.
Na4 Nc6 21. c3 b5 22. Nc5 Bc4 23. Bxc4 bxc4 24. Na4 Kg7 25. Nb6 a5 26. Nxc4 h5
27. Kd2 Kg6 28. b4 axb4 29. axb4 Na7 30. Na3 Nc6 31. b5 Na5 32. c4 h4 33. h3
Nb3+ 34. Ke3 Kg5 35. b6 Nc5 0-1

[Event "AUTO-INT-3883"]
[Site "http://www.queenalice.com/game.php?id=1847153"]
[Date "2024.11.13"]
[Round "2"]
[White "SamuraiJOM"]
[Black "askasl159"]
[Result "1-0"]
[WhiteElo "1643"]
[BlackElo "1841"]

1. e4 e5 2. Nf3 Nc6 3. Bc4 h6 4. c3 Nf6 5. O-O Bc5 6. d4 exd4 7. cxd4 Bb6 8. Be3
Na5 9. Bd3 O-O 10. e5 Nd5 11. Nbd2 d6 12. Ne4 Nxe3 13. fxe3 d5 14. Ng3 Be6 15.
b3 a6 16. b4 Nc4 17. Qc1 f6 18. exf6 Rxf6 19. Nh5 g6 20. Nxf6+ Qxf6 21. Ne5 Qg5
22. Nf3 Rf8 23. Nxg5 1-0

[Event "AUTO-INT-3883"]
[Site "http://www.queenalice.com/game.php?id=1847154"]
[Date "2024.11.13"]
[Round "2"]
[White "jenyasm"]
[Black "SamuraiJOM"]
[Result "0-1"]
[WhiteElo "1663"]
[BlackElo "1729"]

1. e4 e5 2. Nf3 Nc6 3. Bb5 a6 4. Bxc6 dxc6 5. d3 Nf6 6. Nxe5 Bc5 7. h3 O-O 8.
Nf3 h6 9. a3 Re8 10. O-O b5 11. b4 Ba7 12. Nc3 Bd4 13. Bb2 c5 14. bxc5 Bxc5 15.
Re1 c6 16. d4 Ba7 17. e5 Nd5 18. Nxd5 Qxd5 19. Bc3 Be6 20. a4 Bb6 21. Bb2 bxa4
22. Rxa4 Bd7 23. c3 Bf5 24. Re3 Qe6 25. g4 Bh7 26. Qa1 Qc8 27. c4 c5 28. Bc3
cxd4 29. Bxd4 Bxd4 30. Nxd4 Qb7 31. Nf5 Bxf5 32. gxf5 h5 33. f6 g6 34. Qc3 Qc6
35. Ra5 Qc7 36. c5 Kf8 37. c6 Re6 38. Rc5 a5 39. Re1 a4 40. Qa1 Rxc6 41. Rxc6
Qxc6 42. Qa3+ Kg8 43. Ra1 Kh7 44. Qe7 Qe8 45. Qc5 Rc8 46. Qd4 Ra8 47. h4 a3 48.
Kf1 Qb5+ 49. Kg2 Qb7+ 50. Kg3 Qb3+ 51. f3 a2 52. Qe4 Ra4 53. Qe1 Rg4+ 54. Kf2
Rxh4 55. Kg2 Qd5 56. Qe2 Qe6 57. Rxa2 Qh3+ 58. Kf2 Qh1 59. Qa6 Rh2+ 60. Ke3 Qe1+
61. Kd4 Qd1+ 62. Ke4 Rh4+ 63. Ke3 Qb3+ 64. Kf2 Rh2+ 0-1

[Event "AUTO-INT-3883"]
[Site "http://www.queenalice.com/game.php?id=1847155"]
[Date "2024.11.13"]
[Round "2"]
[White "SamuraiJOM"]
[Black "jenyasm"]
[Result "0-1"]
[WhiteElo "1743"]
[BlackElo "1770"]

1. e4 e5 2. Nf3 Nc6 3. Bc4 h6 4. O-O Nf6 5. d3 d6 6. d4 exd4 7. Nxd4 Nxd4 8.
Qxd4 a6 9. Nc3 Be7 10. Re1 O-O 11. Ne2 Bd7 12. Bf4 Bc6 13. Ng3 Re8 14. Bd3 d5
15. exd5 Nxd5 16. Nf5 Bf6 17. Be5 Bxe5 18. Rxe5 Rxe5 19. Kf1 f6 20. Qg4 Qf8 21.
Nxh6+ Kh8 22. Bf5 gxh6 23. Be6 f5 24. Qd4 Qf6 25. Qd2 Rxe6 26. c4 Ne7 27. f3 Rd6
28. Qf2 Rad8 29. g3 Rd1+ 30. Rxd1 Rxd1+ 31. Kg2 Qd6 32. Kh3 Rd2 33. c5 Rxf2 34.
cxd6 cxd6 35. f4 Rxb2 36. a3 Ra2 37. Kh4 Rxh2# 0-1

[Event "Capixaba789-3"]
[Site "http://www.queenalice.com/game.php?id=1847855"]
[Date "2024.11.26"]
[Round "4"]
[White "Mr_SPOCK"]
[Black "SamuraiJOM"]
[Result "0-1"]
[WhiteElo "1756"]
[BlackElo "1697"]

1. e4 e5 2. Qh5 Nf6 3. Qxe5+ Be7 4. d4 d6 5. Qg5 O-O 6. Qf4 Nh5 7. Qf3 Nf6 8.
Nc3 Bg4 9. Qd3 Nc6 10. d5 Ne5 11. Qg3 a6 12. h3 Bh5 13. Be2 Ng6 14. Bg5 c6 15.
f3 cxd5 16. O-O-O dxe4 17. Kb1 exf3 18. Bxf3 Qd7 19. Nge2 Bxf3 20. gxf3 Nh5 21.
Qg1 b5 22. Ne4 d5 23. Qd4 Bxg5 24. Nxg5 f6 25. Ne4 Qf5 26. Rdf1 dxe4 27. fxe4
Qe6 28. Nc3 Rad8 29. Nd5 Ne7 30. c4 bxc4 31. e5 Nxd5 32. Kc1 Ng3 33. Re1 Nxh1
34. Rxh1 Rc8 35. h4 h5 36. Rg1 Rf7 37. Rg6 Ne7 38. Rg3 fxe5 39. Qd1 g6 40. Qxh5
Rf1+ 41. Kd2 Qd5+ 42. Kc3 Rc1+ 43. Kb4 Rb8+ 44. Ka4 Qb5+ 45. Ka3 Qa5# 0-1

[Event "Rasumichin"]
[Site "http://www.queenalice.com/game.php?id=1850748"]
[Date "2025.1.22"]
[Round "3"]
[White "SamuraiJOM"]
[Black "Carlos19"]
[Result "1-0"]
[WhiteElo "1742"]
[BlackElo "1660"]

1. e4 e5 2. Nf3 Nc6 3. Bc4 h6 4. c3 Bc5 5. O-O Nf6 6. d3 d6 7. d4 exd4 8. cxd4
Bb6 9. d5 Ne7 10. Bb5+ Nd7 11. e5 O-O 12. exd6 cxd6 13. Bf4 Bc7 14. Qc2 Ng6 15.
Bg3 b6 16. Nbd2 a5 17. Rfe1 Re8 18. a4 Ba6 19. Bxa6 Rxa6 20. Qc4 Nc5 21. Qc2
Rxe1+ 22. Nxe1 Qf6 23. Nef3 Nf4 24. Qc4 Qxb2 25. Rb1 Qf6 26. Ne4 Qf5 27. Nfd2 h5
28. Rf1 Ra7 29. h4 Nxe4 30. Nxe4 f6 31. Bxf4 Qg6 32. Nxd6 Bxd6 33. Bxd6 Rd7 34.
Qc8+ Kh7 35. Qxd7 Qd3 36. Bc7 Qd4 37. g3 Qc5 38. d6 Kh6 39. Qf7 b5 40. axb5 Qxb5
41. d7 1-0

[Event "AUTO-INT-3911"]
[Site "http://www.queenalice.com/game.php?id=1850754"]
[Date "2025.1.22"]
[Round "1"]
[White "game"]
[Black "SamuraiJOM"]
[Result "0-1"]
[WhiteElo "1539"]
[BlackElo "1696"]

1. e4 e5 2. Nf3 Nc6 3. Bc4 h6 4. d4 d6 5. dxe5 dxe5 6. Bd2 Nf6 7. O-O Bc5 8. Qe2
O-O 9. Rd1 Qe7 10. Bc3 a6 11. Nh4 Be6 12. Bd3 Nb4 13. Qd2 Rad8 14. Nf5 Bxf5 15.
exf5 Nbd5 16. Re1 e4 17. Ba5 Ng4 18. Bxe4 Bxf2+ 19. Kf1 Bxe1 20. Bxd5 Bxd2 21.
Nxd2 Rxd5 22. Re1 Nxh2+ 23. Kf2 Rxf5+ 24. Nf3 Qc5+ 25. Kg3 Nxf3 26. gxf3 Qxa5
27. Re4 Rg5+ 28. Kf4 Qd2+ 29. Re3 Qxc2 30. Re4 Qd2+ 31. Re3 Re8 0-1

[Event "AUTO-INT-3911"]
[Site "http://www.queenalice.com/game.php?id=1850755"]
[Date "2025.1.22"]
[Round "1"]
[White "SamuraiJOM"]
[Black "game"]
[Result "1-0"]
[WhiteElo "1715"]
[BlackElo "1581"]

1. e4 e5 2. Nf3 d6 3. Bc4 f6 4. c3 f5 5. d3 fxe4 6. dxe4 Nc6 7. O-O Na5 8. Qa4+
Nc6 9. Bg5 Nf6 10. Bd5 Bd7 11. Qc2 h6 12. Be3 Nd4 13. cxd4 Bb5 14. Bc4 a6 15.
Nbd2 Ng4 16. dxe5 Nxe5 17. Nxe5 dxe5 18. a4 Bc6 19. Nf3 Qd6 20. Qc3 Bxe4 21.
Rad1 Qg6 22. Qxe5+ Be7 23. Be2 Rc8 24. Bc5 Qf6 25. Qxe4 Kf7 26. Bc4+ Kf8 27. Rd7
Bxc5 28. Rf7+ Kg8 29. Rxf6# 1-0

[Event "AUTO-INT-3911"]
[Site "http://www.queenalice.com/game.php?id=1850774"]
[Date "2025.1.22"]
[Round "1"]
[White "SamuraiJOM"]
[Black "renet54"]
[Result "0-1"]
[WhiteElo "1763"]
[BlackElo "1543"]

1. e4 e5 2. Nf3 Nc6 3. Bc4 Nf6 4. c3 Bc5 5. O-O O-O 6. d4 exd4 7. cxd4 Bb6 8. d5
Ne7 9. Nc3 d6 10. Be3 Bxe3 11. fxe3 Bg4 12. h3 Qc8 13. hxg4 Nxg4 14. Nh4 Nxe3
15. Qe2 Nxc4 16. b3 Ne5 17. Nf5 Nxf5 18. Rxf5 Qd7 19. a4 Rae8 20. Nd1 Qe7 21.
Ne3 Qh4 22. Rh5 Qxe4 23. Qc2 Qxe3+ 24. Kf1 Qf4+ 25. Ke1 Nd3+ 0-1

[Event "AUTO-INT-3911"]
[Site "http://www.queenalice.com/game.php?id=1850775"]
[Date "2025.1.22"]
[Round "1"]
[White "renet54"]
[Black "SamuraiJOM"]
[Result "0-1"]
[WhiteElo "1682"]
[BlackElo "1712"]

1. e4 e5 2. Nf3 Nc6 3. Bb5 a6 4. Ba4 Nf6 5. Bxc6 dxc6 6. Nxe5 Be6 7. d3 Bd6 8.
Nf3 Bc5 9. O-O O-O 10. Bg5 Be7 11. Nbd2 h6 12. Bxf6 Bxf6 13. Qe2 Bg4 14. Qe3 Qe7
15. Rae1 Bxf3 16. Nxf3 Bxb2 17. d4 b6 18. Ne5 Qd6 19. Nc4 Qb4 20. Ne5 c5 21.
dxc5 Bxe5 22. cxb6 cxb6 23. f4 Bd4 24. Qxd4 Qxd4+ 25. Kh1 Rfe8 26. f5 Qb2 27. e5
Qxa2 28. g4 Qd5+ 29. Kg1 Rxe5 30. Rd1 Qc5+ 31. Kh1 Qxc2 32. Rd7 Qc6+ 33. Kg1
Qxd7 34. f6 Qxg4+ 35. Kh1 Re2 0-1

[Event "AUTO-INT-3912"]
[Site "http://www.queenalice.com/game.php?id=1851121"]
[Date "2025.1.26"]
[Round "1"]
[White "SamuraiJOM"]
[Black "Ruusgugg"]
[Result "1-0"]
[WhiteElo "1706"]
[BlackElo "1251"]

1. e4 g5 2. d4 e6 3. Nc3 b6 4. h3 a6 5. Nf3 h6 6. Be2 b5 7. a3 f6 8. O-O Bd6 9.
e5 fxe5 10. dxe5 Bc5 11. Ne4 Bb6 12. c4 bxc4 13. Bxc4 d5 14. Nf6+ Nxf6 15. Bd3
Ne4 16. Kh2 c5 17. Bxe4 Ra7 18. Bg6+ Ke7 19. Bh5 Kf8 20. Qd3 Rd7 21. b3 c4 22.
bxc4 dxc4 23. Qxc4 Rc7 24. Qb4+ Bc5 25. Qb3 Nc6 26. Be3 Nd4 27. Rfd1 Rd7 28.
Nxd4 Rd5 29. Bf3 Rxe5 30. Nxe6+ 1-0

[Event "AUTO-INT-3912"]
[Site "http://www.queenalice.com/game.php?id=1851122"]
[Date "2025.1.26"]
[Round "1"]
[White "Ruusgugg"]
[Black "SamuraiJOM"]
[Result "0-1"]
[WhiteElo "1355"]
[BlackElo "1708"]

1. f4 Nf6 2. d3 d5 3. Nf3 e6 4. h3 a5 5. g4 Bc5 6. d4 Ba7 7. g5 Ne4 8. c3 Nc6 9.
a3 Ng3 10. Rg1 Nf5 11. h4 b5 12. Ne5 Nxe5 13. fxe5 Nxh4 14. b4 Bb6 15. Nd2 axb4
16. cxb4 Bxd4 17. Rb1 Bxg1 18. Qc2 Be3 19. Nb3 Qxg5 20. Qc6+ Kd8 21. Qxa8 Qxe5
22. Bxe3 Qxe3 23. Qa5 Ng2+ 24. Bxg2 Qc3+ 25. Kf1 Qc6 26. Rc1 Qb6 27. Qa8 Ke7 28.
Rc6 Qb7 29. Qa5 Qxc6 30. Nd4 Qc1+ 31. Kf2 Qf4+ 32. Nf3 Bd7 33. e3 Qd6 34. Nd4 c6
35. a4 bxa4 36. Bh3 Qh2+ 37. Ke1 Qxh3 38. Kd2 Qg2+ 39. Kc3 Qe4 40. Qxa4 Qxe3+
41. Kc2 Qxd4 42. Qb3 Qc4+ 0-1

[Event "AUTO-INT-3914"]
[Site "http://www.queenalice.com/game.php?id=1851588"]
[Date "2025.2.4"]
[Round "1"]
[White "SamuraiJOM"]
[Black "game"]
[Result "1-0"]
[WhiteElo "1755"]
[BlackElo "1562"]

1. e4 d6 2. d4 Nc6 3. Nf3 e5 4. c3 Bg4 5. h3 Be6 6. d5 Bxd5 7. exd5 Nce7 8. Bb5+
c6 9. dxc6 bxc6 10. Bc4 Nf6 11. Ng5 d5 12. Be2 Nf5 13. g4 Ne4 14. Nxe4 dxe4 15.
gxf5 Qf6 16. Bg4 g6 17. fxg6 hxg6 18. Qd7# 1-0

[Event "AUTO-INT-3914"]
[Site "http://www.queenalice.com/game.php?id=1851589"]
[Date "2025.2.4"]
[Round "1"]
[White "game"]
[Black "SamuraiJOM"]
[Result "1-0"]
[WhiteElo "1561"]
[BlackElo "1737"]

1. e4 e5 2. Nf3 Nc6 3. Bc4 h6 4. d3 Nf6 5. O-O Bc5 6. Nc3 a6 7. Be3 Bxe3 8. fxe3
Qe7 9. Nh4 d6 10. Nf5 Qf8 11. d4 exd4 12. exd4 Ne7 13. Rf3 Nxf5 14. exf5 b5 15.
Bd5 Rb8 16. Re3+ Kd8 17. Qd3 Ng4 18. Rf3 Nf6 19. Re1 h5 20. Rfe3 Bd7 21. Ne4
Bxf5 22. Rf1 Nxd5 23. Ref3 Nb4 24. Qe2 Bg4 25. Rxf7 Qe8 26. Qf2 Rc8 27. Qh4+ g5
28. Qg3 Qxe4 29. Qf2 Bd7 30. Qf6+ Ke8 31. Qxh8# 1-0

[Event "AUTO-INT-3915"]
[Site "http://www.queenalice.com/game.php?id=1851788"]
[Date "2025.2.8"]
[Round "1"]
[White "SamuraiJOM"]
[Black "game"]
[Result "1-0"]
[WhiteElo "1727"]
[BlackElo "1571"]

1. e4 d6 2. d4 e5 3. dxe5 dxe5 4. Nf3 Nc6 5. Bc4 Nd4 6. Nxe5 Bc5 7. Nxf7 Bb4+ 8.
c3 Qe7 9. Qxd4 Bxc3+ 10. Nxc3 Qd7 11. Qxd7+ Bxd7 12. Nxh8 O-O-O 13. Nf7 Re8 14.
Ng5 Nf6 15. O-O Bc6 16. Re1 Re5 17. Be6+ Kd8 18. Nf7+ Ke7 19. Bb3 Rc5 20. e5 Nd5
21. e6 Nxc3 22. bxc3 Rxc3 23. Bg5+ Kf8 24. e7+ Ke8 25. Rad1 h6 26. Rd8# 1-0

[Event "AUTO-INT-3916"]
[Site "http://www.queenalice.com/game.php?id=1852026"]
[Date "2025.2.12"]
[Round "1"]
[White "Ruusgugg"]
[Black "SamuraiJOM"]
[Result "0-1"]
[WhiteElo "1306"]
[BlackElo "1710"]

1. f4 d5 2. d4 Nf6 3. b3 e6 4. c4 dxc4 5. bxc4 Bb4+ 6. Bd2 Qe7 7. a3 Bxd2+ 8.
Qxd2 Ne4 9. Qe3 Nf6 10. Nf3 Ng4 11. Qd3 Nc6 12. Nbd2 Nf6 13. d5 exd5 14. cxd5
Na5 15. Qb5+ c6 16. Qxa5 cxd5 17. Ne5 O-O 18. Ndf3 b6 19. Qb5 Bb7 20. e3 Ng4 21.
Nd7 Qxe3+ 22. Be2 Qc3+ 23. Kd1 Qxa1+ 24. Kd2 Qxh1 25. Nxf8 Rxf8 26. Qd7 Bc8 27.
Qxa7 Qb1 28. h3 Nf6 29. Bd3 Ne4+ 30. Ke2 Qb2+ 31. Ke3 Qf2# 0-1

[Event "AUTO-INT-3916"]
[Site "http://www.queenalice.com/game.php?id=1852027"]
[Date "2025.2.12"]
[Round "1"]
[White "SamuraiJOM"]
[Black "Ruusgugg"]
[Result "1-0"]
[WhiteElo "1726"]
[BlackElo "1352"]

1. e4 e5 2. Nf3 c5 3. Bc4 d6 4. Nc3 a6 5. a4 Nc6 6. O-O Na5 7. Ba2 g5 8. d3 g4
9. Ne1 Qh4 10. g3 Qd8 11. Nd5 h5 12. Be3 h4 13. Qd2 hxg3 14. fxg3 Nf6 15. Nxf6+
Ke7 16. Bg5 Bh6 17. Bd5 Bxg5 18. Qxg5 Kf8 19. Nh7+ Rxh7 20. Qxd8+ Kg7 21. Bxf7
1-0